[Event "Biel op"]
[Site "Biel"]
[Date "1993.??.??"]
[Round "7"]
[White "Mikhalevski, Alexander"]
[Black "Schmittdiel, Eckhard"]
[Result "0-1"]
[WhiteElo "2440"]
[BlackElo "2410"]

1.d4 Nf6 2.c4 e6 3.Nf3 Bb4+ 4.Nbd2 b6 5.a3 Bxd2+ 6.Qxd2 a5 7.b3 Bb7 8.g3 d6
9.Bg2 Nbd7 10.O-O O-O 11.Re1 Ne4 12.Qc2 f5 13.Ng5 Qf6 14.Be3 Qg6 15.Nh3 e5
16.d5 h6 17.f3 Nef6 18.g4 Nh7 19.Kh1 Bc8 20.gxf5 Qxf5 21.Qxf5 Rxf5 22.Nf2 Rf7
23.Bh3 Ndf6 24.Bxc8 Rxc8 25.Rg1 Kh8 26.Bd2 Nf8 27.Nd1 Kh7 28.Nc3 Ng6 29.b4 axb4
30.axb4 e4 31.f4 Nh4 32.Ra7 Nf5 33.e3 Kg8 34.Rga1 c6 35.Ra8 Rff8 36.Rxc8 Rxc8
37.Na4 Nd7 38.dxc6 Rxc6 39.Rc1 Rc8 40.Kg1 Ra8 41.Nc3 Nf6 42.Kf2 Kf7 43.Ke2 g5
44.fxg5 hxg5 45.Rg1 Kg6 46.Be1 Rh8 47.Rg2 Rh3 48.Bf2 Kh5 49.b5 Nh4 50.Bxh4 Kxh4
51.Na4 Ng4 52.Nxb6 Rxe3+ 53.Kd2 Rd3+ 54.Ke2 Ra3 55.Rg3 Ra2+ 56.Ke1 Rxh2 57.Rb3 Ne5
58.Nd5 Nf3+ 59.Kf1 Kg3  0-1

[Event "Bucharest Caissa"]
[Site "Bucharest"]
[Date "1993.??.??"]
[Round "8"]
[White "Mathe, Gaspar"]
[Black "Gyimesi, Zoltan"]
[Result "1/2-1/2"]
[WhiteElo "2405"]
[BlackElo "2395"]

1.d4 Nf6 2.c4 e6 3.Nf3 Bb4+ 4.Nbd2 c5 5.a3 Bxd2+ 6.Bxd2 cxd4 7.Nxd4 Nc6 8.Bc3 O-O
9.Qc2 d5 10.e3 Bd7 11.Nf3 Ne4 12.cxd5 exd5 13.Bd3 Nxc3 14.Qxc3 Rc8 15.O-O Bg4
16.Nd4 Qb6 17.Nf5 Bxf5 18.Bxf5 d4  1/2-1/2

[Event "Budapest FS09 IM-B"]
[Site "Budapest"]
[Date "1993.??.??"]
[Round "?"]
[White "Muse, Drazen"]
[Black "Eperjesi, Laszlo"]
[Result "1/2-1/2"]
[WhiteElo "2300"]
[BlackElo "2315"]

1.d4 Nf6 2.Nf3 e6 3.c4 Bb4+ 4.Nbd2 d5 5.e3 O-O 6.a3 Be7 7.Bd3 b6 8.O-O Bb7
9.Qc2 c5 10.dxc5 bxc5 11.e4 dxe4 12.Nxe4 Nbd7 13.Bd2 Qb6 14.Rab1 a5 15.Bc3 Nxe4
16.Bxe4 Bxe4 17.Qxe4 Bf6 18.Rfd1 Rad8 19.h4 h6 20.Qf4 Bxc3 21.bxc3 Qc6 22.Qd6 Qxd6
23.Rxd6 Ne5 24.Rxd8 Nxf3+ 25.gxf3 Rxd8 26.Rb5 Rd3 27.Rxc5 Rxc3 28.a4 Kf8
29.Kf1 Ke7 30.Ke2 Kd6 31.Rxa5 Rxc4 32.h5 Kc6 33.Kd3 Rh4 34.Ke3 Kb6 35.Rb5+ Ka6
36.f4 Rh1 37.f5 Rxh5 38.fxe6 Rh3+ 39.Kf4 fxe6 40.Re5  1/2-1/2

[Event "Budapest FS10 GM"]
[Site "Budapest"]
[Date "1993.??.??"]
[Round "2"]
[White "Grivas, Efstratios"]
[Black "Loginov, Valery A"]
[Result "1-0"]
[WhiteElo "2505"]
[BlackElo "2505"]

1.d4 Nf6 2.c4 e6 3.Nf3 Bb4+ 4.Nbd2 d5 5.a3 Be7 6.g3 dxc4 7.Nxc4 b6 8.Bg2 Bb7
9.O-O O-O 10.Bf4 Nbd7 11.Rc1 c5 12.Re1 Bd5 13.Ne3 Be4 14.dxc5 Nxc5 15.b4 Ncd7
16.Bc7 Qe8 17.Nc4 Kh8 18.Nd6 Bxd6 19.Bxd6 Rg8 20.Qd4 h6 21.Red1 Rc8 22.Ne5 Rxc1
23.Rxc1 Bxg2 24.Kxg2 Nxe5 25.Bxe5 Qa8+ 26.Kg1 Nd5 27.e4 Ne7 28.Qe3 Kh7 29.Rc7 Ng6
30.Bc3 Rc8 31.Rxf7 e5 32.h4 Kg8 33.Rf5 Rc4 34.h5 Rxe4 35.Qd3 Nh4 36.gxh4 Rg4+
37.Kf1 Qh1+ 38.Ke2 Re4+ 39.Kd2 Re1 40.Kc2 Qc6 41.Kb2 Qe6 42.Qd8+ Kh7 43.Rf8  1-0

[Event "Budapest FS12 GM"]
[Site "Budapest"]
[Date "1993.??.??"]
[Round "5"]
[White "Maiwald, Jens Uwe"]
[Black "Finkel, Alexander"]
[Result "1/2-1/2"]
[WhiteElo "2430"]
[BlackElo "2370"]

1.d4 Nf6 2.Nf3 e6 3.c4 Bb4+ 4.Nbd2 b6 5.g3 O-O 6.Bg2 Bb7 7.O-O Re8 8.Qc2 Bxd2
9.Bxd2 d6 10.b4 Nbd7 11.Rfd1 Be4 12.Qa4 a6 13.Bf4 b5 14.Qb3 Nb6 15.c5 Na4
16.Ne1  1/2-1/2

[Event "Budapest FS12 GM"]
[Site "Budapest"]
[Date "1993.??.??"]
[Round "9"]
[White "Gonzalez Garcia, Jose"]
[Black "Finkel, Alexander"]
[Result "0-1"]
[WhiteElo "2380"]
[BlackElo "2370"]

1.d4 Nf6 2.c4 e6 3.Nf3 Bb4+ 4.Nbd2 O-O 5.a3 Bxd2+ 6.Bxd2 d6 7.Bg5 Nbd7 8.e3 Re8
9.Be2 Nf8 10.Nd2 h6 11.Bh4 Ng6 12.Bg3 e5 13.O-O b6 14.Bf3 e4 15.Be2 Bb7 16.b4 Qe7
17.Qc2 Rad8 18.a4 c5 19.bxc5 bxc5 20.d5 Ba6 21.Nb1 h5 22.h3 h4 23.Bh2 Nh7
24.Nd2 Ng5 25.Rfe1 Bc8 26.Bf1 Qf6 27.Rab1 Ne5 28.Bf4 Qg6 29.Kh1 Bf5 30.Rb7 Nd3
31.Bxd3 exd3 32.Qd1 Ne4 33.Nxe4 Rxe4 34.f3 Rxc4 35.e4 Rc2 36.Rg1 c4 37.exf5 Qxf5
38.Be3 Re8 39.Re1 c3 40.Rc7 Qg6 41.g4 hxg3 42.Bg1 Rxe1 43.Qxe1 Re2 44.Qxc3 Qf5  0-1

[Event "Budapest FS11 IM-B"]
[Site "Budapest"]
[Date "1993.??.??"]
[Round "9"]
[White "Farago, Sandor"]
[Black "Zupe, Miran"]
[Result "0-1"]
[WhiteElo "2375"]
[BlackElo "2350"]

1.d4 Nf6 2.c4 e6 3.Nf3 Bb4+ 4.Nbd2 d5 5.a3 Be7 6.e3 O-O 7.Bd3 b6 8.O-O c5
9.b3 Bb7 10.Qc2 Nbd7 11.Bb2 Rc8 12.Rad1 b5 13.Ne5 cxd4 14.exd4 bxc4 15.bxc4 dxc4
16.Ndxc4 Nb6 17.Qe2 Nxc4 18.Bxc4 Bd5 19.Bb5 Rb8 20.Bc6 Qb6 21.Bxd5 Qxb2 22.Rd2 Qxa3
23.Bf3 Rbc8 24.Nc6 Rc7 25.Ra2 Qb3 26.Rxa7 Rxa7 27.Nxa7 Bd6 28.Nc6 h6 29.g3 Qa4
30.Rc1 Qa3 31.Rc2 Qa1+ 32.Kg2 Qa3 33.Qc4 Qa1 34.d5 exd5 35.Bxd5 Nxd5 36.Qxd5 Qf6
37.Rd2 Be7 38.Rd3 Qg5 39.Qe4 Bf6 40.Rf3 Qc1 41.h4 Qb2 42.Rf4 Kh8 43.Nb4 Qe5
44.Qf3 Kg8 45.Nd5 Bd8 46.Rf5 Qe6 47.h5 Bg5 48.Qd3 Rb8 49.f4 Bf6 50.Kf3 Rb2
51.Nxf6+ gxf6 52.Kg4 Rb3 53.Qc2 Kg7 54.Kh4 Ra3 55.Rb5 Qe1 56.Qg2 Qe7 57.Rb7 Qe6
58.Qh3 f5 59.Qf1 Ra2 60.Kh3  0-1

[Event "Budapest FS12 GM"]
[Site "Budapest"]
[Date "1993.??.??"]
[Round "13"]
[White "Mikhalevski, Victor"]
[Black "Loginov, Valery A"]
[Result "1-0"]
[WhiteElo "2380"]
[BlackElo "2505"]

1.d4 Nf6 2.c4 e6 3.Nf3 Bb4+ 4.Nbd2 b6 5.a3 Bxd2+ 6.Bxd2 Bb7 7.Bg5 d6 8.e3 Nbd7
9.Qc2 h6 10.Bh4 Qe7 11.Bd3 g5 12.Bg3 h5 13.h4 g4 14.Ng5 Bxg2 15.Rg1 Bb7 16.O-O-O a5
17.Kb1 a4 18.Ka1 Kd8 19.c5 bxc5 20.Bb5 Bd5 21.Bxa4 Nb6 22.Bb5 Ra5 23.dxc5 Rxb5
24.cxd6 cxd6 25.Bxd6 Qb7 26.e4 Nxe4 27.Nxe4 Bxe4 28.Qe2 Rd5 29.Be5 Bf3 30.Bf6+ Ke8
31.Qb5+ Nd7 32.Qxb7 Rxd1+ 33.Rxd1 Bxb7 34.Bxh8 f6 35.Rc1 Bd5 36.a4 Ke7 37.a5 Kd6
38.b4 f5 39.Bd4 e5 40.Ba7 f4 41.b5 e4 42.a6 Ke5 43.b6 e3 44.fxe3 f3 45.e4 Kxe4
46.b7 g3 47.b8=Q Nxb8 48.Bxb8 g2 49.Bg3 Kf5 50.Bf2 Kg4 51.Kb2 Kh3 52.Kc3  1-0

[Event "Cappelle op"]
[Site "Cappelle la Grande"]
[Date "1993.??.??"]
[Round "1"]
[White "Petursson, Margeir"]
[Black "Jouravljev, Anatoly"]
[Result "1-0"]
[WhiteElo "2560"]
[BlackElo "2300"]

1.d4 Nf6 2.c4 e6 3.Nf3 Bb4+ 4.Nbd2 b6 5.a3 Bxd2+ 6.Bxd2 Bb7 7.Bg5 h6 8.Bh4 d6
9.e3 Qe7 10.Nd2 c5 11.d5 Nbd7 12.dxe6 Qxe6 13.Be2 Ne5 14.f3 g5 15.Bf2 h5
16.Qa4+ Bc6 17.Qc2 h4 18.h3 O-O-O 19.O-O-O Rhg8 20.e4 Nh5 21.Nf1 Nf4 22.Ne3 Qe8
23.Rhe1 Kc7 24.Bf1 Ba4 25.b3 Bd7 26.Bg1 Be6 27.Bh2 Qf8 28.Rd2 Qg7 29.Red1 a5
30.Kb1 Nc6 31.Bg1 Qf6 32.Bf2 Qg7 33.Rc1 Nd4 34.Rxd4 cxd4 35.Nd5+ Kc6 36.Nxf4 gxf4
37.Qd3 Kb7 38.Bxd4 Qg5 39.Bf2 Kc7 40.Qd2 Rge8 41.Qe1 Rh8 42.Rd1 f5 43.e5  1-0

[Event "Cappelle op"]
[Site "Cappelle la Grande"]
[Date "1993.??.??"]
[Round "1"]
[White "Pichler, Juergen"]
[Black "Farrell, Neil"]
[Result "1/2-1/2"]
[WhiteElo "2425"]
[BlackElo "2155"]

1.d4 Nf6 2.Nf3 e6 3.c4 Bb4+ 4.Nbd2 b6 5.a3 Bxd2+ 6.Qxd2 Bb7 7.e3 Ne4 8.Qc2 d6
9.Bd3 f5 10.O-O O-O 11.b4 Nd7 12.Bb2 Qe7 13.Ne1 a5 14.f3 Nef6 15.b5 Rac8
16.Qf2 Nh5 17.Nc2 Rce8 18.Rae1 Qg5 19.Kh1  1/2-1/2

[Event "Cappelle op"]
[Site "Cappelle la Grande"]
[Date "1993.??.??"]
[Round "5"]
[White "Kishnev, Sergey"]
[Black "Lukov, Valentin"]
[Result "1-0"]
[WhiteElo "2510"]
[BlackElo "2410"]

1.d4 Nf6 2.c4 e6 3.Nf3 Bb4+ 4.Nbd2 b6 5.a3 Bxd2+ 6.Qxd2 Bb7 7.e3 O-O 8.Be2 Ne4
9.Qd3 f5 10.O-O d6 11.b4 Nd7 12.Bb2 a5 13.d5 e5 14.Nd2 Nxd2 15.Qxd2 Qe7 16.Bc3 axb4
17.axb4 Nf6 18.f3 b5 19.Ra5 bxc4 20.Bxc4 Nd7 21.e4 fxe4 22.fxe4 Qh4 23.Rxf8+ Rxf8
24.Qe1 Qg4 25.Ra7 Rb8 26.Qe2 Qg6 27.Be1 Nf6 28.Bd3 Nh5 29.Bd2 Qf7 30.Qf3 Nf4
31.Bf1 Bc8 32.Qc3 Bd7 33.Rxc7 Rf8 34.Bxf4 Qxf4 35.Qe1 Be8 36.b5 Bg6 37.Bd3 Rb8
38.Qc1 Qg4 39.h3 Qg3 40.Rc8+ Rxc8 41.Qxc8+ Kf7 42.Qe6+ Kf8 43.Qxd6+ Kf7 44.Qc7+ Ke8
45.Qc8+  1-0

[Event "JUG-chT"]
[Site "Cetinje"]
[Date "1993.??.??"]
[Round "?"]
[White "Nestorovic, Dejan"]
[Black "Vratonjic, Slobodan"]
[Result "1/2-1/2"]
[WhiteElo "2380"]
[BlackElo "2400"]

1.d4 Nf6 2.c4 e6 3.Nf3 Bb4+ 4.Nbd2 b6 5.a3 Bxd2+ 6.Bxd2 Bb7 7.Bg5 d6 8.e3 Nbd7
9.Qc2 h6 10.Bh4 Qe7 11.Bd3 g5 12.Bg3 h5 13.h3 Rg8 14.e4 e5 15.d5 h4 16.Bh2 a5
17.b3 Nh5 18.Nd2 Nf4 19.Bf1 Rh8 20.Bg1 Kf8 21.g3 Ng6 22.Bg2 Kg7 23.Nf1 Nf6
24.Ne3 Bc8 25.Qd2 Ng8 26.Nf5+ Bxf5 27.exf5 Nf8 28.O-O-O Nd7 29.f4 gxf4 30.gxf4 Nh6
31.fxe5 Nxe5 32.f6+ Qxf6 33.Be4 Qe7 34.Be3 Ng8 35.Rhg1+ Kf8 36.Qg2 f6 37.Bf5 Re8
38.Be6 Qh7 39.Bf5 Qf7 40.Be6 Qh7 41.Rd4 Ke7 42.Bf4 Kd8 43.Qe2 c5 44.Rd2 Ne7
45.Rf1 Rhf8  1/2-1/2

[Event "JUG-chT"]
[Site "Cetinje"]
[Date "1993.??.??"]
[Round "?"]
[White "Ristic, Nebojsa"]
[Black "Vratonjic, Slobodan"]
[Result "1/2-1/2"]
[WhiteElo "2395"]
[BlackElo "2400"]

1.d4 Nf6 2.Nf3 e6 3.c4 Bb4+ 4.Nbd2 b6 5.a3 Bxd2+ 6.Qxd2 Bb7 7.Qc3 Ne4 8.Qc2 O-O
9.g3 f5 10.Bg2 Qc8 11.O-O d6 12.b3 Nd7 13.Bb2 Ndf6  1/2-1/2

[Event "JUG-chT"]
[Site "Cetinje"]
[Date "1993.??.??"]
[Round "?"]
[White "Stoisavljevic, Sava"]
[Black "Bojkovic, Natasa"]
[Result "0-1"]
[WhiteElo "2150"]
[BlackElo "2365"]

1.d4 Nf6 2.c4 e6 3.Nf3 Bb4+ 4.Nbd2 b6 5.a3 Bxd2+ 6.Bxd2 Bb7 7.Bg5 d6 8.e3 Nbd7
9.Bd3 h6 10.Bxf6 Nxf6 11.O-O O-O 12.Qe2 c5 13.Rfd1 Qc7 14.Rac1 e5 15.Bf5 Rae8
16.dxe5 dxe5 17.Nd2 e4 18.Nb1 Re5 19.Bh3 Rh5 20.Nc3 Qe5 21.Qf1 Bc8 22.Nd5 Bxh3
23.gxh3 Rg5+ 24.Kh1 Qxb2 25.Nf4 Nh5 26.Rb1 Qf6 27.h4 Rf5 28.Nxh5 Rxh5 29.Qg2 Qxh4
30.Rd7 Rg5 31.Qf1 Qg4  0-1

[Event "Ceuta"]
[Site "Ceuta"]
[Date "1993.??.??"]
[Round "1"]
[White "Lalic, Bogdan"]
[Black "Izeta Txabarri, Felix"]
[Result "1-0"]
[WhiteElo "2520"]
[BlackElo "2510"]

1.d4 Nf6 2.c4 e6 3.Nf3 Bb4+ 4.Nbd2 b6 5.a3 Bxd2+ 6.Bxd2 Bb7 7.Bg5 d6 8.e3 Nbd7
9.Qc2 h6 10.Bh4 g5 11.Bg3 Ne4 12.Nd2 f5 13.Nxe4 Bxe4 14.Qc3 Qf6 15.f3 Bb7
16.Rc1 f4 17.Bf2 c5 18.Rd1 e5 19.dxc5 dxc5 20.Be2 O-O-O 21.O-O Rhg8 22.b4 h5
23.Be1 Qe6 24.Rd2 Qe7 25.exf4 exf4 26.Bd3 Ne5 27.Re2 Rge8 28.Be4 Rd4 29.Bxb7+ Kxb7
30.bxc5 Qd7 31.Bf2 Rxc4 32.Qb3 Qd5 33.cxb6 a5 34.Rd1 a4 35.Qb1 Nxf3+ 36.gxf3 Qxf3
37.Qh7+ Ka6 38.Qa7+ Kb5 39.Rb2+  1-0

[Event "Mid America Class"]
[Site "Chicago"]
[Date "1993.??.??"]
[Round "5"]
[White "Brasket, Curt J"]
[Black "Chow, Albert"]
[Result "0-1"]
[WhiteElo "2285"]
[BlackElo "2270"]

1.d4 Nf6 2.c4 e6 3.Nf3 Bb4+ 4.Nbd2 b6 5.a3 Bxd2+ 6.Bxd2 Bb7 7.e3 O-O 8.Bd3 Ne4
9.Bc1 Ng5 10.Nd2 f5 11.f3 d6 12.Qc2 Nd7 13.b3 Qf6 14.Bb2 Qh6 15.O-O-O c5
16.f4 Nf7 17.d5 exd5 18.Bxf5 Rad8 19.cxd5 Bxd5 20.Nc4 Bc6 21.Rhe1 d5 22.Nd2 Nd6
23.Bd3 Nf6 24.g3 Bb5 25.Bxb5 Nxb5 26.Nf3 Ne4 27.Ne5 Nc7 28.Kb1 b5 29.Re2 a5
30.Rxd5 Rxd5 31.Qxe4 Rd1+ 32.Kc2 Qd6 33.Nd3 Rg1 34.Be5 Qb6 35.Bxc7 Qxc7 36.Qd5+ Kh8
37.Qxc5 Qb8 38.Kb2 Rc8 39.Qe5 Qb7 40.Nc5 Qf3 41.Rc2 Qd1 42.Kc3 b4+  0-1

[Event "Clichy"]
[Site "Clichy"]
[Date "1993.??.??"]
[Round "3"]
[White "Mozny, Milos"]
[Black "Spacek, Petr"]
[Result "1/2-1/2"]
[WhiteElo "2410"]
[BlackElo "2390"]

1.d4 Nf6 2.c4 e6 3.Nf3 Bb4+ 4.Nbd2 d5 5.e3 O-O 6.cxd5 exd5 7.Be2 c6 8.O-O a5
9.Qc2 Bg4 10.h3 Bh5 11.Bd3 Nbd7 12.Ne5 Bg6 13.Nxg6 hxg6 14.Nf3 Re8 15.Nd2 Bd6  1/2-1/2

[Event "Arab-ch8 Doha"]
[Site "Doha"]
[Date "1993.??.??"]
[Round "8"]
[White "Al Khateeb, Ahmed"]
[Black "Hmadi, Slaheddine"]
[Result "1/2-1/2"]
[WhiteElo "2270"]
[BlackElo "2315"]

1.d4 Nf6 2.c4 e6 3.Nf3 Bb4+ 4.Nbd2 d5 5.g3 O-O 6.Qc2 c5 7.dxc5 Bxc5 8.Bg2 Nc6
9.cxd5 Bxf2+ 10.Kxf2 Ng4+ 11.Ke1 Qb6 12.Ne4 exd5 13.h3 Nb4 14.Qb1 Bf5 15.Nfg5 Ne3
16.Bxe3 Qxe3 17.g4 Bg6 18.a3 dxe4 19.axb4 Qxg5 20.Bxe4 Bxe4 21.Qxe4 Rfe8
22.Qf3 Re3 23.Qxb7 Rae8 24.Rh2 Qe5 25.Qg2 Qxb2 26.Rd1 Qxb4+ 27.Kf1 Qf4+ 28.Qf2 Qe5
29.Rd7 Qa1+ 30.Qe1 Qf6+ 31.Qf2 Qa1+ 32.Qe1 Qf6+ 33.Qf2 Rxe2 34.Qxf6 Re1+
35.Kf2 gxf6 36.Kg3 R1e7 37.Rd5 Kg7 38.Ra2 Re3+ 39.Kh4 Rb8 40.Rda5 Rbb3 41.Rh2 Ra3
42.Rxa3 Rxa3 43.Rf2 a5 44.Rf5 h6 45.Rb5 a4 46.Ra5 Ra1 47.Kh5 a3 48.Kh4 a2
49.Ra3 Kg6 50.Ra5 Kh7 51.Ra7 Kh8 52.Ra8+ Kg7 53.Ra3 h5 54.gxh5 f5 55.Ra6 f4
56.h6+ Kh7 57.Kh5 Rh1 58.Rxa2 Rxh3+ 59.Kg4 Rxh6 60.Kxf4 Rf6+ 61.Ke5 Kg7 62.Rg2+ Rg6
63.Ra2 Rg5+ 64.Kf4 Rb5 65.Ra6 Rc5 66.Rb6 Ra5 67.Rc6 Ra1 68.Rb6 Rf1+ 69.Kg4 f6
70.Rb8  1/2-1/2

[Event "Dortmund op-A"]
[Site "Dortmund"]
[Date "1993.??.??"]
[Round "3"]
[White "Danner, Georg"]
[Black "Brunner, Lucas"]
[Result "1/2-1/2"]
[WhiteElo "2385"]
[BlackElo "2455"]

1.d4 Nf6 2.c4 e6 3.Nf3 Bb4+ 4.Nbd2 b6 5.e3 Bb7 6.Bd3 c5 7.a3 Bxd2+ 8.Bxd2 d6
9.O-O O-O 10.Qe2 Nbd7 11.Rad1 Qe7 12.Bc3 Rfc8 13.Nd2 cxd4 14.exd4 d5 15.Bb4 Qd8
16.Bd6 Ne8 17.Bg3 Ndf6 18.Rfe1 Qe7 19.Nf3 Rd8 20.Ne5 dxc4 21.Bxc4 Nd6 22.Bd3 Nfe4
23.Qh5 Qg5 24.Qxg5 Nxg5 25.f3 h6 26.Rc1 Rac8 27.Rc3 Nf5 28.Bxf5 exf5 29.Rec1 Rxc3
30.bxc3 Ne6 31.Rb1 Rc8 32.Be1 Ba6 33.Bd2 f6 34.Ng6 Kf7 35.Re1 Bb7 36.Nh4 f4
37.Nf5 Rd8 38.Kf2 h5 39.g3 fxg3+ 40.hxg3 Bd5 41.Bf4 Nxf4 42.gxf4 g6 43.Ne3 Bc6
44.Rh1 Rh8 45.c4 Ba4 46.Rb1 h4 47.c5 h3 48.Ng4 bxc5 49.dxc5 Bc6 50.Kg3 Re8
51.Rb3 Re1 52.Rc3 Rf1 53.Rd3 Rc1 54.Rd6 Rxc5 55.Rxf6+ Kg7 56.Re6 Rc2 57.Re7+ Kf8
58.Rxa7 Ra2 59.Rh7 Rxa3 60.Ne5 Be8 61.Kxh3 Kg8 62.Rc7 Ra1 63.Ng4 Bb5 64.Kh4 Bd3
65.Kg5 Bf5 66.Ne5 Ra2 67.Rb7 Ra1 68.Nc6 Ra2 69.Ne7+ Kf8 70.Nxf5 gxf5 71.Kxf5 Ra5+
72.Kg4 Ra6 73.f5 Rc6 74.Kg5 Ra6 75.f4 Rc6 76.Rh7 Ra6 77.Rh6 Ra4 78.Rh4 Ra6
79.Rh8+ Kf7 80.Rh7+ Kf8 81.f6 Ra1 82.Kf5 Rb1 83.Ra7 Rc1 84.f7 Rc6 85.Kg5 Rb6
86.f5 Rc6 87.Rb7 Ra6 88.Rc7  1/2-1/2

[Event "Dresden op"]
[Site "Dresden"]
[Date "1993.??.??"]
[Round "?"]
[White "Chuchelov, Vladimir"]
[Black "Kalinitschew, Sergey"]
[Result "1/2-1/2"]
[WhiteElo "2500"]
[BlackElo "2480"]

1.d4 Nf6 2.c4 e6 3.Nf3 Bb4+ 4.Nbd2 b6 5.a3 Bxd2+ 6.Bxd2 h6 7.g3 Bb7 8.Bg2 O-O
9.O-O d6 10.Qc2 Nbd7 11.Ne1 Bxg2 12.Nxg2 c5 13.dxc5 Nxc5 14.b4 Nce4 15.Be3 Rc8
16.Qd3  1/2-1/2

[Event "Drobeta"]
[Site "Drobeta"]
[Date "1993.??.??"]
[Round "?"]
[White "Botvinnik, Ilia"]
[Black "Seder, Nicolae"]
[Result "1-0"]
[WhiteElo "2395"]
[BlackElo "2235"]

1.d4 Nf6 2.c4 e6 3.Nf3 Bb4+ 4.Nbd2 O-O 5.a3 Bxd2+ 6.Bxd2 Ne4 7.Bc1 d5 8.Qc2 a5
9.g3 Nc6 10.Bg2 Qf6 11.O-O a4 12.Bf4 Qe7 13.Rad1 h6 14.Ne5 Nxe5 15.dxe5 Qc5
16.Be3 Qc6 17.Rd4 f6 18.exf6 Nxf6 19.Rc1 Bd7 20.cxd5 exd5 21.Be4 dxe4 22.Qd1  1-0

[Event "Dublin zt"]
[Site "Dublin"]
[Date "1993.??.??"]
[Round "7"]
[White "Short, Philip M"]
[Black "Rossiter, Philip J"]
[Result "1-0"]
[WhiteElo "2300"]
[BlackElo "2270"]

1.d4 Nf6 2.Nf3 e6 3.c4 Bb4+ 4.Nbd2 c5 5.e3 b6 6.Bd3 O-O 7.O-O Nc6 8.a3 Bxd2
9.Bxd2 d5 10.Rc1 Bb7 11.dxc5 bxc5 12.Bc3 dxc4 13.Bxc4 Nd5 14.Bxd5 exd5 15.b4 cxb4
16.axb4 a6 17.Nd4 Ne5 18.Qh5 Re8 19.Rfd1 f6 20.Nb3 Qe7 21.Nc5 Rad8 22.Rd4 Nf7
23.Rh4 Ng5 24.Bd4 Bc8 25.f4 g6 26.Qh6 Ne6 27.Nxe6 Bxe6 28.Rc6 Rd7 29.Bc5 Qd8
30.Rxa6 Bf5 31.g4 d4 32.Bxd4 Qc7 33.Ra1 g5 34.Qxf6 gxh4 35.Qh8+ Kf7 36.Qg7+ Ke6
37.Qf6+ Kd5 38.Qxf5+ Kc4 39.Rc1+ Kb3 40.Qb1+ Ka4 41.Rxc7 Rxc7 42.Bc5  1-0

[Event "ESP-chT"]
[Site "?"]
[Date "1993.??.??"]
[Round "?"]
[White "Garcia Padron, J."]
[Black "Elguezabal Varela, Daniel"]
[Result "1-0"]
[WhiteElo "2465"]
[BlackElo "2300"]

1.d4 Nf6 2.Nf3 e6 3.c4 Bb4+ 4.Nbd2 b6 5.a3 Bxd2+ 6.Bxd2 Bb7 7.Bg5 O-O 8.e3 d6
9.Bd3 Nbd7 10.O-O Re8 11.b4 a5 12.b5 Qe7 13.Nd2 e5 14.Bf5 Rad8 15.Bh4 Nf8
16.Be4 d5 17.Bf3 Ng6 18.Bg3 exd4 19.exd4 Ne4 20.Re1 Qd7 21.Bxe4 dxe4 22.d5 f5
23.f4 Qd6 24.Qh5 Qf6 25.Nf1 e3 26.Rad1 Qc3 27.Rc1 Qd4 28.Qe2 Re4 29.Red1 Qc5
30.Rc3 Rde8 31.Rdd3 Rxc4 32.Rxc4 Qxc4 33.Nxe3 Qxb5 34.Qc2 Ba6 35.Rb3 Qa4
36.Qc6 Qe4 37.h3 Rf8 38.Qxc7 Rc8 39.Qxb6 Bd3 40.Rxd3 Qxd3 41.Qe6+  1-0

[Event "Autonomico op"]
[Site "ESP"]
[Date "1993.??.??"]
[Round "6"]
[White "Anguix Garrido, Juan Francisco"]
[Black "Munoz, Francisco"]
[Result "1-0"]
[WhiteElo "2300"]
[BlackElo "2220"]

1.d4 e6 2.c4 Nf6 3.Nf3 Bb4+ 4.Nbd2 O-O 5.a3 Bxd2+ 6.Qxd2 d6 7.b4 b6 8.g3 Nbd7
9.Bg2 Bb7 10.O-O Qe7 11.Bb2 Ne4 12.Qd3 f5 13.Ne1 Qe8 14.Rd1 Qh5 15.Qf3 Qxf3
16.Nxf3 a5 17.b5 Rab8 18.Rc1 Rfe8 19.Rfd1 g6 20.Ne1 Kf7 21.Nd3 Nef6 22.Bf1 Be4
23.a4 Bxd3 24.Rxd3 e5 25.e3 exd4 26.exd4 Re7 27.Ba3 Rbe8 28.Rdd1 Ne4 29.Kg2 h5
30.h4 Kg8 31.f3 Nef6 32.c5 Re3 33.Bd3 dxc5 34.Kf2 Kf8 35.dxc5 Nxc5 36.Rxc5 Rxd3
37.Rc3+ Rd6 38.Bxd6+ cxd6 39.Rxd6  1-0

[Event "FIN-chT"]
[Site "FIN"]
[Date "1993.??.??"]
[Round "?"]
[White "Kanko, Ilkka"]
[Black "Karner, Hillar"]
[Result "0-1"]
[WhiteElo "2330"]
[BlackElo "2325"]

1.d4 Nf6 2.c4 e6 3.Nf3 Bb4+ 4.Nbd2 a5 5.a3 Bxd2+ 6.Bxd2 d6 7.Qc2 Qe7 8.Bc3 Nbd7
9.e3 a4 10.Be2 b6 11.O-O Bb7 12.Nd2 O-O 13.f4 c5 14.Rae1 Rfc8 15.Bd3 d5 16.cxd5 exd5
17.dxc5 bxc5 18.Nf3 Ba6 19.Ne5 Bxd3 20.Qxd3 Nb6 21.Qf5 Ne4 22.Rf3 g6 23.Qh3 Nxc3
24.bxc3 f6 25.Ng4 f5 26.Ne5 Nd7 27.Nxd7 Qxd7 28.e4 dxe4 29.Rxe4 Re8 30.Rxe8+ Rxe8
31.Rf1 Qd2 32.Qf3 Qe3+ 33.Qxe3 Rxe3 34.Rc1 Kf7 35.Kf2 Rd3 36.Ke2 c4 37.Rc2 Ke6
38.g3 h5 39.Rc1 Kd5 40.Rd1 Rxd1 41.Kxd1 Ke4 42.Ke2 h4 43.gxh4 Kxf4 44.Kf2 Ke4  0-1

[Event "FIN-chT"]
[Site "FIN"]
[Date "1993.??.??"]
[Round "?"]
[White "Karner, Hillar"]
[Black "Jouhki, Yrjo Markus"]
[Result "1-0"]
[WhiteElo "2325"]
[BlackElo "2230"]

1.d4 Nf6 2.c4 e6 3.Nf3 Bb4+ 4.Nbd2 b6 5.a3 Bxd2+ 6.Bxd2 Bb7 7.e3 O-O 8.Bd3 Ne4
9.O-O d6 10.Be1 f5 11.Nd2 Nxd2 12.Bxd2 Nd7 13.b4 Qh4 14.f3 Rf6 15.Qe2 c5
16.Be1 Qh5 17.Rd1 Re8 18.Bc2 cxd4 19.Ba4 Re7 20.exd4 f4 21.c5 Rh6 22.h3 Qd5
23.Qe4 dxc5 24.Qxd5 exd5 25.dxc5 bxc5 26.bxc5 Nxc5 27.Bb4 Rc7 28.Rc1 Na6
29.Ba5 Rc5 30.Bd2 Rf6 31.Bc3 Re6 32.Bd4 Ra5 33.Bd7 Re7 34.Bg4 Rxa3 35.Bxa7 Ra2
36.Rfe1 Rae2 37.Rxe2 Rxe2 38.Rb1 Re7 39.Bd4 Kf7 40.h4 g6 41.Rb6 Ke8 42.Bf6 Rc7
43.Be5 Rf7 44.Be6 Re7 45.Bf6 Nc5 46.Bxe7 Kxe7 47.Bg8 d4 48.Bxh7 d3 49.Kf2 Bd5
50.Bxg6 d2 51.Ke2 Na4 52.Rb4 Bc4+ 53.Kxd2  1-0

[Event "FIN-chT"]
[Site "FIN"]
[Date "1993.??.??"]
[Round "?"]
[White "Yrjola, Jouni"]
[Black "Rantanen, Yrjo A"]
[Result "1/2-1/2"]
[WhiteElo "2460"]
[BlackElo "2380"]

1.d4 Nf6 2.c4 e6 3.Nf3 Bb4+ 4.Nbd2 a5 5.a3 Bxd2+ 6.Bxd2 a4 7.Bg5 h6 8.Bh4 c5
9.e3 Nc6 10.dxc5 Qa5+ 11.Nd2 Ne4 12.Bd3 Nxd2 13.Qxd2 Ne5 14.Be2 Qxc5 15.Rc1 b6
16.Bg3 Bb7 17.O-O f6 18.Rfd1 Bc6 19.f4 Nf7 20.Bf2 Qa5 21.Qd3 O-O 22.Qg6 Qf5
23.Qxf5 exf5 24.g4 fxg4 25.Bxg4 Ra7 26.e4 Re8 27.Bf5 Rb7 28.Bg6 Re6 29.Rd4 Re7
30.Bh4 Nh8 31.Bf5 g6 32.Bxf6 Rf7 33.Bxh8 gxf5 34.Be5 fxe4 35.Kf2 Kh7 36.Rg1 b5
37.c5 Re7 38.Rd6 b4 39.Rgg6 bxa3 40.Rxh6+ Kg8 41.Rdg6+ Kf8 42.bxa3 Rxe5 43.fxe5 Rb2+
44.Ke1 e3 45.Rxc6 dxc6 46.Rxc6 Rxh2 47.Ra6 Rc2 48.Rxa4 Rxc5 49.Re4 Rc3 50.a4 Ke7
51.Ke2 Ke6 52.Kf3 Kf5 53.Rxe3 Rxe3+ 54.Kxe3 Kxe5  1/2-1/2

[Event "FIN-ch"]
[Site "FIN"]
[Date "1993.??.??"]
[Round "?"]
[White "Salo, Heikki"]
[Black "Raaste, Eero J"]
[Result "1/2-1/2"]
[WhiteElo "2240"]
[BlackElo "2345"]

1.d4 Nf6 2.c4 e6 3.Nf3 Bb4+ 4.Nbd2 O-O 5.a3 Bxd2+ 6.Bxd2 Ne4 7.e3 b6 8.Bd3 Bb7
9.O-O d6 10.Qc2 f5 11.Rad1 Nxd2 12.Nxd2 Nd7 13.f4 Qf6 14.Be2 Rad8 15.Bf3 Bxf3
16.Nxf3 c5 17.Qa4 cxd4 18.exd4 a5 19.b4 axb4 20.Qxb4 Qe7 21.Rfe1 Rfe8 22.d5 Nc5
23.Nd4 Qh4 24.g3 Qg4 25.Nxe6 Nxe6 26.dxe6 Rxe6 27.Rxe6 Qxd1+ 28.Kg2 Kf7 29.Qxb6 Kxe6
30.Qxd8 Qe2+ 31.Kg1 Qe1+ 32.Kg2 Qe2+ 33.Kh3 Qg4+ 34.Kg2 Qe2+  1/2-1/2

[Event "Forli op"]
[Site "Forli"]
[Date "1993.??.??"]
[Round "7"]
[White "Belotti, Bruno"]
[Black "Vezzosi, Paolo"]
[Result "1-0"]
[WhiteElo "2410"]
[BlackElo "2280"]

1.d4 Nf6 2.c4 e6 3.Nf3 Bb4+ 4.Nbd2 b6 5.a3 Bxd2+ 6.Qxd2 Bb7 7.e3 O-O 8.Be2 a5
9.b3 d6 10.Bb2 Nbd7 11.O-O Ne4 12.Qc2 f5 13.Rad1 Ndf6 14.b4 axb4 15.axb4 Qd7
16.b5 c6 17.Ne5 dxe5 18.dxe5 Qc7 19.exf6 Nxf6 20.bxc6 Bxc6 21.Qc3 Ba4 22.Ra1 Rfd8
23.f3 Qd6 24.Rfb1 Bc6 25.Rxa8 Rxa8 26.Rd1 Qc5 27.Kf2 Kf7 28.Ra1 Rxa1 29.Bxa1 Ba4
30.Bb2 Qd6 31.h3 Bd1 32.Bf1 Qd7 33.Qb4 Qd8 34.Bd4 Nd7 35.Ke1 Bc2 36.Kd2 Qh4
37.Be2 Qf2 38.g4 fxg4 39.hxg4 e5 40.Qd6  1-0

[Event "FRA"]
[Site "FRA"]
[Date "1993.??.??"]
[Round "?"]
[White "Miralles, Gilles"]
[Black "Stranjakovitch, Jean"]
[Result "1-0"]
[WhiteElo "2475"]
[BlackElo "2280"]

1.d4 Nf6 2.c4 e6 3.Nf3 Bb4+ 4.Nbd2 b6 5.a3 Bxd2+ 6.Bxd2 Bb7 7.Bg5 h6 8.Bh4 O-O
9.e3 d6 10.Bd3 Nbd7 11.O-O e5 12.Bf5 g5 13.Nxg5 hxg5 14.Bxg5 Kg7 15.d5 Rh8
16.f4 e4 17.Bxe4 Qe7 18.Bf5 Qxe3+ 19.Kh1 Rae8 20.Rf3 Qe2 21.Qc1 Re4 22.Qc3 Rxc4
23.Bxf6+ Nxf6 24.Rg3+ Kf8 25.Qxf6  1-0

[Event "FRA"]
[Site "FRA"]
[Date "1993.??.??"]
[Round "?"]
[White "Chevallier, Didier"]
[Black "Kosten, Anthony C"]
[Result "0-1"]
[WhiteElo "2295"]
[BlackElo "2505"]

1.d4 Nf6 2.c4 e6 3.Nf3 Bb4+ 4.Nbd2 b6 5.a3 Bxd2+ 6.Qxd2 Bb7 7.e3 O-O 8.Be2 d6
9.O-O a5 10.b3 Nbd7 11.Bb2 Ne4 12.Qc2 f5 13.Ne1 Qg5 14.Bc1 Qg6 15.f3 Ng5
16.Nd3 c5 17.Qc3 Nf7 18.Nf2 Rae8 19.Bb2 cxd4 20.exd4 e5 21.d5 Qf6 22.b4 Ra8
23.Qd2 Rfc8 24.Bd3 Nh8 25.Nh3 f4 26.Nf2 Nf7 27.Bc3 Ba6 28.b5 Bb7 29.Qc2 g6
30.Ne4 Qe7 31.Qe2 Ng5 32.Be1 Nxe4 33.Bxe4 Nc5 34.Bc2 Qc7 35.Bf2 Rf8 36.a4 Rae8
37.Rfe1 Bc8 38.Kh1 Bf5 39.Rad1 Re7 40.Qd2 g5 41.Bxf5 Rxf5 42.Qc3 Nd7 43.Qd3 Rf6
44.Qc3 Rg7 45.Rf1 g4 46.Bh4 Rh6 47.g3 Nc5 48.Qc2 Qd7 49.Ra1 gxf3 50.Rxf3 Qg4
51.Raf1 Nd7 52.Qf2 Qg6 53.Re1 Nc5 54.Qf1 Ne4 55.Qh3 Kh8  0-1